00848nam a22002292 450000100060000000300080000600500170001400800410003103500510007204000420012304100080016508200220017310000440019524500850023926000300032430000310035465000450038570000250043094200120045599900170046795201340048445909BD-RjUL20211209054101.0160728s1955 enka 000 0 eng  aOCLC ocm03725902 from D960823Ma(BD-RjUL)46027 aDLCcTKNdDLCdUKMdEQOdBD-RjULbeng aeng a371.732bRAO 19551 aRandall, M. W.q(Martin Willis)914039610aObjectives of the physical education lesson /cby M. W. Randall and W. K. Waine. aLondon :bG. Bell,c1955. a181 p. :billus. ;c19 cm. 0aPhysical education and training.91403971 aWaine, W. K.9140398 2ddccBK c45909d45909 00102ddc40708NFICaRUCLbRUCLcStackd1956-02-01eA.B.C.g8.80l0o371.732 RAO 1955r2016-07-28 00:00:00tC-2w2016-07-28yBK